Most Popular Google Doodles - Statistics

General Stats
  • This quiz has been taken 10 times
    8 since last reset
  • The average score is 3 of 10
Answer Stats
Answer % Correct
Pac-man
71%
snake
71%
minesweeper
57%
Baseball
43%
Champion Island
29%
Cricket
29%
Garden Gnome
14%
Pony Express
14%
Coding Rabbit
0%
Rubik's Cube
0%
No matching quizzes found
Score Distribution
Percent of People with Each Score
Percentile by Number Answered
Your Score History
You have not taken this quiz since the last reset